Engineering Geology: Principles and Practice / (Record no. 617053)
[ view plain ]
| 000 -LEADER | |
|---|---|
| fixed length control field | 00547nam a22001697a 4500 |
| 003 - CONTROL NUMBER IDENTIFIER | |
| control field | NUST |
| 005 - DATE AND TIME OF LATEST TRANSACTION | |
| control field | 20260414161010.0 |
| 008 - FIXED-LENGTH DATA ELEMENTS--GENERAL INFORMATION | |
| fixed length control field | 260414b ||||| |||| 00| 0 eng d |
| 020 ## - INTERNATIONAL STANDARD BOOK NUMBER | |
| International Standard Book Number | 978-3540686262 |
| 082 ## - DEWEY DECIMAL CLASSIFICATION NUMBER | |
| Classification number | 624.151 |
| Author Mark | FRE |
| 100 ## - MAIN ENTRY--PERSONAL NAME | |
| Personal name | David George Price, Michael de Freitas, Michael Freitas. |
| 9 (RLIN) | 134114 |
| 245 ## - TITLE STATEMENT | |
| Title | Engineering Geology: Principles and Practice / |
| Statement of responsibility, etc. | David George Price, Michael de Freitas, Michael Freitas. |
| 260 ## - PUBLICATION, DISTRIBUTION, ETC. | |
| Place of publication, distribution, etc. | Berlin: |
| Name of publisher, distributor, etc. | Springer, |
| Date of publication, distribution, etc. | 2009. |
| 300 ## - PHYSICAL DESCRIPTION | |
| Extent | 450 p ; |
| Dimensions | 30.9 cm |
| 563 ## - BINDING INFORMATION | |
| Binding note | Hardcover |
| 942 ## - ADDED ENTRY ELEMENTS (KOHA) | |
| Source of classification or shelving scheme | |
| Koha item type | Book |
| Withdrawn status | Lost status | Source of classification or shelving scheme | Damaged status | Not for loan | Permanent Location | Current Location | Date acquired | Total Checkouts | Full call number | Barcode | Date last seen | Price effective from | Koha item type |
|---|---|---|---|---|---|---|---|---|---|---|---|---|---|
| Institute of Geographical Information Systems (IGIS) | Institute of Geographical Information Systems (IGIS) | 04/14/2026 | 624.151 FRE | IGIS-1250 | 04/14/2026 | 04/14/2026 | Book | ||||||
| Institute of Geographical Information Systems (IGIS) | Institute of Geographical Information Systems (IGIS) | 04/14/2026 | 624.151 FRE | IGIS-1374 | 04/14/2026 | 04/14/2026 | Book |
